Improving crop and animal productivity (Record no. 33754)
[ view plain ]
| 000 -LEADER | |
|---|---|
| fixed length control field | 00503nam a2200157Ia 4500 |
| 082 ## - DEWEY DECIMAL CLASSIFICATION NUMBER | |
| Classification number | 633 |
| Item number | SET |
| 100 ## - MAIN ENTRY--AUTHOR NAME | |
| Personal name | CHATRATH, M S |
| 245 #0 - TITLE STATEMENT | |
| Title | Improving crop and animal productivity |
| 260 ## - PUBLICATION, DISTRIBUTION, ETC. (IMPRINT) | |
| Place of publication | New Delhi |
| Name of publisher | Oxford & IBH |
| Year of publication | 1978 |
| 505 ## - FORMATTED CONTENTS NOTE | |
| Formatted contents note | Proceedings of the international symposium held at the Nuclear Research Laboratory, IARI, New Delhi, Feb 1977 |
| 650 ## - SUBJECT ADDED ENTRY--TOPICAL TERM | |
| Topical Term | Crop productivity |
| 650 ## - SUBJECT ADDED ENTRY--TOPICAL TERM | |
| Topical Term | Disease control |
| 700 ## - ADDED ENTRY--PERSONAL NAME | |
| Personal name | SETHI, G R |
| 942 ## - ADDED ENTRY ELEMENTS (KOHA) | |
| Koha item type | Books |
| Withdrawn status | Lost status | Damaged status | Not for loan | Home library | Current library | Date acquired | Full call number | Accession Number | Koha item type |
|---|---|---|---|---|---|---|---|---|---|
| RRII Library | RRII Library | 16/12/2021 | 633 SET | 14197 | Books |